000
00277nam a22001217a 4500
008
181217b xxu||||| |||| 00| 0 eng d
041
_a
eng
080
_a
821
100
_a
24
101
_a
GJU
245
_a
Adventure In American Literature
_c
Laurente ,m
942
_2
udc
_c
BK
999
_c
53160
_d
53160